[Event "Cto. FACV Ind. Preferente Xavia 2014"]
[Site "Xavia ESP"]
[Date "2014.10.04"]
[Round "2.4"]
[White "Cruanes Andres, Hector"]
[Black "Cervera Tur, Enrique"]
[Result "1/2-1/2"]
[WhiteElo "1435"]
[BlackElo "1708"]
[PlyCount "96"]
[EventDate "2014.09.27"]
[EventType "swiss"]
[EventRounds "7"]
[EventCountry "ESP"]
[Source "lmi"]
[SourceDate "2014.09.27"]

1. e4 b6 2. d4 e6 3. c4 Bb7 4. Nc3 Bb4 5. Bd3 Nf6 6. Bg5 h6 7. Bxf6 Qxf6 8.
Nge2 Bxc3+ 9. bxc3 d6 10. O-O O-O 11. f4 Qg6 12. f5 exf5 13. Rxf5 Bc8 14. Nf4
Qh7 15. Rh5 g6 16. e5 dxe5 17. dxe5 Qg7 18. Rh4 Qxe5 19. Nd5 Qg5 20. Rf4 f5 21.
h4 Qd8 22. Qf3 c6 23. Nb4 a5 24. Nxc6 Nxc6 25. Qxc6 Qxd3 26. Qxa8 Qe3+ 27. Rf2
Qxc3 28. Qd5+ Kg7 29. Rb1 Qf6 30. Rf4 Rd8 31. Qb5 Rd6 32. c5 Bd7 33. Qc4 b5 34.
Qc2 Rc6 35. Rxb5 Qe5 36. Rf2 Qe1+ 37. Rf1 Qxh4 38. Rb6 Qd4+ 39. Qf2 Qxc5 40.
Qxc5 Rxc5 41. Rb7 Rd5 42. Rc1 Kf6 43. Rb6+ Kg5 44. Rc3 Rd2 45. Ra3 a4 46. Rg3+
Kh5 47. Rh3+ Kg5 48. Rg3+ Kh5 1/2-1/2

[Event "Cto. FACV Ind. Preferente Xavia 2014"]
[Site "Xavia ESP"]
[Date "2014.10.04"]
[Round "2.6"]
[White "Jimenez Fernandez, Rebeca"]
[Black "Garcia Mira, Antonio"]
[Result "1/2-1/2"]
[WhiteElo "1215"]
[BlackElo "1651"]
[PlyCount "78"]
[EventDate "2014.09.27"]
[EventType "swiss"]
[EventRounds "7"]
[EventCountry "ESP"]
[Source "lmi"]
[SourceDate "2014.09.27"]

1. e4 d5 2. exd5 Qxd5 3. Nc3 Qa5 4. Nf3 c6 5. d4 Nf6 6. Bd2 Qc7 7. h3 e6 8. Bc4
Be7 9. O-O O-O 10. Re1 Nd5 11. Qe2 Bf6 12. Rac1 b5 13. Nxd5 exd5 14. Bb3 a5 15.
a4 Ba6 16. axb5 Bxb5 17. c4 dxc4 18. Bxc4 Qb6 19. b4 a4 20. Bc3 Na6 21. Qa2 Nc7
22. Re3 Bxc4 23. Qxc4 Nd5 24. Rd3 Rfe8 25. Bd2 Qb5 26. Ra3 Be7 27. Qxc6 Qxc6
28. Rxc6 Nxb4 29. Rc4 Reb8 30. Ne5 f6 31. Nd7 Nd5 32. Raxa4 Rb1+ 33. Kh2 Bd6+
34. g3 Rxa4 35. Rxa4 Rb2 36. Be1 Re2 37. Ra1 Ne3 38. Kg1 Nc2 39. Ra8+ Kf7
1/2-1/2

[Event "Cto. FACV Ind. Preferente Xavia 2014"]
[Site "Xavia ESP"]
[Date "2014.10.18"]
[Round "3.2"]
[White "Duller Llopis, Jouke"]
[Black "Pastor Marti, Jaume"]
[Result "0-1"]
[WhiteElo "1559"]
[BlackElo "1713"]
[PlyCount "72"]
[EventDate "2014.09.27"]
[EventType "swiss"]
[EventRounds "7"]
[EventCountry "ESP"]
[Source "lmi"]
[SourceDate "2014.09.27"]

1. d4 Nf6 2. Nf3 g6 3. Bg5 Bg7 4. e3 O-O 5. c3 d6 6. Be2 Nbd7 7. O-O b6 8. Nbd2
Bb7 9. Qb3 c5 10. Rfe1 Qc7 11. Rac1 e5 12. Red1 e4 13. Ne1 a6 14. f3 exf3 15.
Bxf3 Bxf3 16. Nexf3 h6 17. Bf4 Nh5 18. dxc5 Nxf4 19. exf4 Qxc5+ 20. Kh1 Nf6 21.
Nc4 Ne4 22. Rc2 b5 23. Na3 Nf2+ 24. Rxf2 Qxf2 25. Nc2 Rfe8 26. Nb4 Re2 27. Rg1
Rxb2 28. Qd5 Rd8 29. Nc6 Re8 30. Qxd6 Bf8 31. Qd7 Re6 32. Nce5 Re7 33. Qd8 Qa7
34. Nc6 Rd7 35. Qf6 Qf2 36. Nfe5 Qxg1+ 0-1

[Event "Cto. FACV Ind. Preferente Xavia 2014"]
[Site "Xavia ESP"]
[Date "2014.10.18"]
[Round "3.3"]
[White "Cervera Tur, Enrique"]
[Black "Terrades Dalmau, Antonio"]
[Result "1/2-1/2"]
[WhiteElo "1708"]
[BlackElo "1846"]
[PlyCount "75"]
[EventDate "2014.09.27"]
[EventType "swiss"]
[EventRounds "7"]
[EventCountry "ESP"]
[Source "lmi"]
[SourceDate "2014.09.27"]

1. e4 c5 2. Nf3 d6 3. d3 Nc6 4. g3 Bg4 5. Bg2 g6 6. O-O Bg7 7. Nbd2 Nf6 8. Re1
O-O 9. Nf1 Nd4 10. Ne3 Bxf3 11. Bxf3 Nxf3+ 12. Qxf3 Nd7 13. c3 b5 14. Ng4 Ne5
15. Nxe5 Bxe5 16. Bf4 Bg7 17. e5 dxe5 18. Bxe5 Qd7 19. Bxg7 Kxg7 20. Qe3 e6 21.
Qxc5 Qxd3 22. Rad1 Qc4 23. Qe5+ Kg8 24. b3 Qc8 25. Rd3 Qa6 26. Re2 Rad8 27. Rd4
Qc6 28. Ree4 Rxd4 29. Qxd4 Rc8 30. c4 a6 31. Qe3 Rd8 32. Rd4 Rd6 33. Qe5 Rxd4
34. Qxd4 bxc4 35. bxc4 Kf8 36. Qd8+ Kg7 37. Qd4+ Kf8 38. Qd8+ 1/2-1/2

[Event "Cto. FACV Ind. Preferente Xavia 2014"]
[Site "Xavia ESP"]
[Date "2014.10.18"]
[Round "3.8"]
[White "Perez De Tudela Perales, Fernando"]
[Black "Jimenez Fernandez, Rebeca"]
[Result "0-1"]
[WhiteElo "1514"]
[BlackElo "1215"]
[PlyCount "62"]
[EventDate "2014.09.27"]
[EventType "swiss"]
[EventRounds "7"]
[EventCountry "ESP"]
[Source "lmi"]
[SourceDate "2014.09.27"]

1. e4 c6 2. d4 d5 3. e5 Bf5 4. Bd3 Bxd3 5. Qxd3 e6 6. Nf3 Nd7 7. O-O c5 8. c3
Rc8 9. b3 Qc7 10. Na3 a6 11. Bb2 Be7 12. Rac1 Qb6 13. Nc2 c4 14. Qd2 cxb3 15.
axb3 Qxb3 16. Ne3 Qb6 17. Rb1 Qc7 18. Ng4 Nb6 19. h3 Na4 20. Rfc1 Nxb2 21. Qxb2
b5 22. Ra1 Qb7 23. Nfh2 Bg5 24. Rf1 Nh6 25. f4 Nxg4 26. fxg5 Nxh2 27. Kxh2 O-O
28. h4 Qc6 29. Rac1 Rc7 30. h5 Rfc8 31. Qf2 Qe8 0-1

[Event "Cto. FACV Ind. Preferente Xavia 2014"]
[Site "Xavia ESP"]
[Date "2014.10.25"]
[Round "4.1"]
[White "Pastor Marti, Jaume"]
[Black "Gonzalez Rodriguez, Manuel I"]
[Result "0-1"]
[WhiteElo "1713"]
[BlackElo "1928"]
[PlyCount "66"]
[EventDate "2014.09.27"]
[EventType "swiss"]
[EventRounds "7"]
[EventCountry "ESP"]
[Source "lmi"]
[SourceDate "2014.09.27"]

1. d4 Nf6 2. c4 g6 3. Nc3 Bg7 4. Nf3 O-O 5. e4 d6 6. Be2 Na6 7. O-O e5 8. d5
Nc5 9. Qc2 a5 10. Bg5 h6 11. Be3 b6 12. a3 Ng4 13. Bxc5 bxc5 14. h3 Nf6 15. Nd2
Nh7 16. f4 exf4 17. Rxf4 Qg5 18. Rf3 Be5 19. Nb5 Qh4 20. Qd3 Ng5 21. Nxc7 Rb8
22. Nb5 Bd7 23. a4 f5 24. Raf1 fxe4 25. Rxf8+ Rxf8 26. Rxf8+ Kxf8 27. Qe3 Bxb5
28. Qf2+ Qxf2+ 29. Kxf2 Bxa4 30. b3 Bd4+ 31. Kg3 e3 32. bxa4 exd2 33. Kf4 Nf7
0-1

[Event "Cto. FACV Ind. Preferente Xavia 2014"]
[Site "Xavia ESP"]
[Date "2014.10.25"]
[Round "4.2"]
[White "Caselles Pedro, Francisco"]
[Black "Cervera Tur, Enrique"]
[Result "0-1"]
[WhiteElo "1524"]
[BlackElo "1708"]
[PlyCount "80"]
[EventDate "2014.09.27"]
[EventType "swiss"]
[EventRounds "7"]
[EventCountry "ESP"]
[Source "lmi"]
[SourceDate "2014.09.27"]

1. e4 b6 2. d4 Bb7 3. Bd3 Nf6 4. Nc3 e6 5. Bf4 Bb4 6. Qe2 O-O 7. Nf3 d6 8. Bg5
c5 9. e5 cxd4 10. Bxf6 dxc3 11. O-O gxf6 12. Nh4 f5 13. Qh5 dxe5 14. Nxf5 exf5
15. Bxf5 Kg7 16. Rfd1 cxb2 17. Rab1 Bd2 18. h4 Rh8 19. Qe2 Qxh4 20. Rxd2 Nc6
21. Rd3 Qf4 22. Rg3+ Kf8 23. Qh5 Nd4 24. Bd3 e4 25. Qg4 Qxg4 26. Rxg4 exd3 27.
cxd3 Rd8 28. Rxb2 Ba6 29. Rb4 Nc2 30. Ra4 Bxd3 31. Rxa7 Rb8 32. Rf4 Bg6 33. Rc4
Kg7 34. g3 Ra8 35. Rb7 Rhb8 36. Rcc7 Rxb7 37. Rxb7 Ra6 38. f4 Nb4 39. a3 Nd5
40. Kf2 Rxa3 0-1

[Event "Cto. FACV Ind. Preferente Xavia 2014"]
[Site "Xavia ESP"]
[Date "2014.10.25"]
[Round "4.7"]
[White "Garcia Mira, Antonio"]
[Black "Aguado Crespo, Pablo"]
[Result "1-0"]
[WhiteElo "1651"]
[BlackElo "1507"]
[PlyCount "95"]
[EventDate "2014.09.27"]
[EventType "swiss"]
[EventRounds "7"]
[EventCountry "ESP"]
[Source "lmi"]
[SourceDate "2014.09.27"]

1. e4 e5 2. f4 exf4 3. Nf3 Be7 4. h4 h6 5. d4 d6 6. c3 Nc6 7. Bxf4 Bg4 8. g3
Nf6 9. Nbd2 Nh5 10. Bh3 Bxh3 11. Rxh3 Qd7 12. Ng1 Nxf4 13. gxf4 f6 14. Qh5+ Kd8
15. f5 Qe8 16. Qe2 Kd7 17. O-O-O Rd8 18. h5 Kc8 19. Rg3 Qf7 20. Kb1 Rhe8 21.
Qg4 Bf8 22. Ngf3 Kb8 23. Nh4 d5 24. Ng6 Bd6 25. Rg2 Ne7 26. e5 fxe5 27. Nxe5
Qxf5+ 28. Qxf5 Nxf5 29. Re1 Bxe5 30. dxe5 Re6 31. Rg6 Rxg6 32. hxg6 Re8 33. Nf3
Re6 34. Nd4 Nxd4 35. cxd4 Kc8 36. Rg1 b6 37. Kc2 c5 38. Kc3 Kd7 39. b4 cxd4+
40. Kxd4 Kc6 41. a4 a6 42. Rc1+ Kd7 43. Rg1 Kc6 44. b5+ axb5 45. axb5+ Kxb5 46.
Kxd5 Rc6 47. Rb1+ Ka5 48. Kxc6 1-0

[Event "Cto. FACV Ind. Preferente Xavia 2014"]
[Site "Xavia ESP"]
[Date "2014.11.08"]
[Round "5.1"]
[White "Gonzalez Rodriguez, Manuel I"]
[Black "Cervera Tur, Enrique"]
[Result "1-0"]
[WhiteElo "1928"]
[BlackElo "1708"]
[PlyCount "65"]
[EventDate "2014.09.27"]
[EventType "swiss"]
[EventRounds "7"]
[EventCountry "ESP"]
[Source "lmi"]
[SourceDate "2014.09.27"]

1. d4 e6 2. Nf3 b6 3. a3 Bb7 4. c4 d5 5. cxd5 Bxd5 6. Nc3 Bb7 7. e4 Nf6 8. Qc2
c5 9. dxc5 Bxc5 10. Bb5+ Bc6 11. b4 Be7 12. Bf4 Qc8 13. Rc1 Qb7 14. Bd3 h6 15.
h3 a6 16. O-O Nbd7 17. Nd4 e5 18. Nxc6 Qxc6 19. Be3 O-O 20. Qb3 Qb7 21. f3 Rac8
22. Bc4 b5 23. Bd5 Nxd5 24. Nxd5 Nf6 25. Nxe7+ Qxe7 26. Bc5 Qc7 27. Bxf8 Qxc1
28. Rxc1 Rxc1+ 29. Kf2 Kxf8 30. Qb2 Rc4 31. Qxe5 Rc2+ 32. Ke3 Ra2 33. Qd6+ 1-0

[Event "Cto. FACV Ind. Preferente Xavia 2014"]
[Site "Xavia ESP"]
[Date "2014.11.08"]
[Round "5.2"]
[White "Daza Lopez, Andres Felipe"]
[Black "Terrades Dalmau, Antonio"]
[Result "1-0"]
[WhiteElo "1700"]
[BlackElo "1846"]
[PlyCount "106"]
[EventDate "2014.09.27"]
[EventType "swiss"]
[EventRounds "7"]
[EventCountry "ESP"]
[Source "lmi"]
[SourceDate "2014.09.27"]

1. e4 c5 2. Nc3 d6 3. f4 Nc6 4. Bb5 Nf6 5. Nf3 e6 6. d3 Be7 7. a4 O-O 8. O-O
Bd7 9. Qe1 a6 10. Bc4 Nb4 11. Bb3 b5 12. Qe2 d5 13. e5 Ne8 14. d4 cxd4 15. Nxd4
Bc5 16. Be3 Qb6 17. a5 Qa7 18. Qd2 Nc6 19. Nce2 f6 20. c3 fxe5 21. fxe5 Rxf1+
22. Rxf1 Nxe5 23. Bc2 Nf6 24. b4 Bd6 25. Nxb5 Qb8 26. Nxd6 Qxd6 27. Bc5 Qc7 28.
Nd4 Nc4 29. Qg5 Qd8 30. Re1 e5 31. Nf5 Bxf5 32. Bxf5 e4 33. Be6+ Kh8 34. Bd4 h6
35. Qg6 Qe7 36. Bf5 Ne5 37. Qg3 Nc6 38. Bc5 Qe5 39. Qh3 Rd8 40. g4 Nh7 41. Bxh7
Kxh7 42. Qe3 Ne7 43. Bd4 Qe6 44. h3 Rf8 45. Rf1 Rxf1+ 46. Kxf1 Ng6 47. Qg3 Qf7+
48. Ke2 Nf4+ 49. Kd1 Nd3 50. Kc2 Qf1 51. Qe3 Qa1 52. Qd2 Qb2+ 53. Kd1 Nf2+ 1-0

[Event "Cto. FACV Ind. Preferente Xavia 2014"]
[Site "Xavia ESP"]
[Date "2014.11.08"]
[Round "5.4"]
[White "Jimenez Fernandez, Rebeca"]
[Black "Caselles Pedro, Francisco"]
[Result "0-1"]
[WhiteElo "1215"]
[BlackElo "1524"]
[PlyCount "64"]
[EventDate "2014.09.27"]
[EventType "swiss"]
[EventRounds "7"]
[EventCountry "ESP"]
[Source "lmi"]
[SourceDate "2014.09.27"]

1. e4 e6 2. d4 d5 3. e5 c5 4. c3 Nc6 5. Nf3 Qb6 6. a3 Nh6 7. b4 cxd4 8. cxd4
Nf5 9. Bb2 Bd7 10. g4 Nh6 11. Rg1 Be7 12. Nc3 f6 13. Rc1 fxe5 14. dxe5 Nf7 15.
Na4 Qd8 16. Bd3 a6 17. Bb1 a5 18. b5 Na7 19. b6 Nc8 20. Qb3 O-O 21. Qc2 g6 22.
Nd2 Bxa4 23. Qxa4 Nxb6 24. Qb5 Bg5 25. Rc3 Bxd2+ 26. Kxd2 Qg5+ 27. Kd1 Nc4 28.
Rd3 Nxb2+ 29. Qxb2 Nxe5 30. Re3 Nc4 31. Qxb7 Nxe3+ 32. fxe3 Rab8 0-1

[Event "Cto. FACV Ind. Preferente Xavia 2014"]
[Site "Xavia ESP"]
[Date "2014.11.15"]
[Round "6.1"]
[White "Gonzalez Rodriguez, Manuel I"]
[Black "Duller Llopis, Jouke"]
[Result "1-0"]
[WhiteElo "1928"]
[BlackElo "1559"]
[PlyCount "65"]
[EventDate "2014.09.27"]
[EventType "swiss"]
[EventRounds "7"]
[EventCountry "ESP"]

1. d4 d5 2. c4 c6 3. Nf3 Nf6 4. Nc3 e6 5. Bg5 Be7 6. e3 Nbd7 7. Rc1 O-O 8. Bd3
h6 9. Bf4 Nh5 10. O-O Nxf4 11. exf4 Bd6 12. Ne5 Qh4 13. c5 Bc7 14. b4 Qxf4 15.
g3 Qg5 16. f4 Qe7 17. Bb1 Nf6 18. Qd3 b5 19. Nxc6 Qe8 20. Ne5 a6 21. Ng4 Ne4
22. Nxe4 dxe4 23. Qxe4 f5 24. Qxa8 fxg4 25. Qe4 Rf5 26. d5 Bb7 27. Rfe1 Bxd5
28. Qxf5 Qc6 29. Qh7+ Kf8 30. Bg6 Bh1 31. Qh8+ Ke7 32. Qxg7+ Kd8 33. Qf8+ 1-0

[Event "Cto. FACV Ind. Preferente Xavia 2014"]
[Site "Xavia ESP"]
[Date "2014.11.15"]
[Round "6.2"]
[White "Daza Lopez, Andres Felipe"]
[Black "Pastor Marti, Jaume"]
[Result "0-1"]
[WhiteElo "1700"]
[BlackElo "1713"]
[PlyCount "66"]
[EventDate "2014.09.27"]
[EventType "swiss"]
[EventRounds "7"]
[EventCountry "ESP"]

1. e4 b6 2. d4 Bb7 3. Bd3 e6 4. Nf3 c5 5. c3 Be7 6. O-O Nf6 7. Re1 O-O 8. a3 d6
9. Bg5 Nbd7 10. Qe2 Re8 11. Nbd2 h6 12. Bh4 Nh5 13. Bxe7 Qxe7 14. Qe3 Rac8 15.
e5 cxd4 16. cxd4 dxe5 17. dxe5 f5 18. Rac1 Nc5 19. Bb5 Red8 20. b4 Ne4 21. Nxe4
Bxe4 22. Nd4 Rxc1 23. Rxc1 Rxd4 24. Qxd4 Qg5 25. Rc8+ Kh7 26. g3 Qg4 27. Qd8
Qf3 28. Qg8+ Kg6 29. Be8+ Kg5 30. h4+ Kg4 31. Bxh5+ Kxh5 32. Qf7+ g6 33. g4+
Qxg4+ 0-1

[Event "Cto. FACV Ind. Preferente Xavia 2014"]
[Site "Xavia ESP"]
[Date "2014.11.15"]
[Round "6.4"]
[White "Terrades Dalmau, Antonio"]
[Black "Caselles Pedro, Francisco"]
[Result "1-0"]
[WhiteElo "1846"]
[BlackElo "1524"]
[PlyCount "65"]
[EventDate "2014.09.27"]
[EventType "swiss"]
[EventRounds "7"]
[EventCountry "ESP"]

1. e4 e6 2. d4 d5 3. Nc3 Nf6 4. Bg5 Bb4 5. e5 h6 6. Bd2 Nfd7 7. Qg4 Kf8 8. f4
c5 9. a3 Ba5 10. dxc5 Bxc3 11. Bxc3 Nxc5 12. Nf3 Nc6 13. Nd4 Ne4 14. Bb4+ Nxb4
15. axb4 Qb6 16. c3 Bd7 17. Bd3 a5 18. Qe2 f5 19. exf6 Nxf6 20. O-O a4 21. Kh1
Re8 22. Rae1 h5 23. Nf3 Rh6 24. Ne5 Bc8 25. Ra1 Qa7 26. Bb5 Re7 27. Rxa4 Qb6
28. Ra8 Qc7 29. Bd3 Kg8 30. Ra5 Nd7 31. Ng6 Rf7 32. Qxe6 Nc5 33. Qe8+ 1-0

[Event "Cto. FACV Ind. Preferente Xavia 2014"]
[Site "Xavia ESP"]
[Date "2014.11.15"]
[Round "6.7"]
[White "Aguado Crespo, Pablo"]
[Black "Martin Diez, Santiago"]
[Result "0-1"]
[WhiteElo "1507"]
[BlackElo "1771"]
[PlyCount "88"]
[EventDate "2014.09.27"]
[EventType "swiss"]
[EventRounds "7"]
[EventCountry "ESP"]

1. e4 d6 2. d4 Nf6 3. Nc3 g6 4. Be3 Bg7 5. Qd2 h6 6. Nf3 Nbd7 7. Bd3 Ng4 8. Bf4
e5 9. h3 Nxf2 10. Qxf2 exf4 11. Ne2 Qf6 12. c3 O-O 13. g3 fxg3 14. Nxg3 a6 15.
O-O-O b5 16. Rhg1 Bb7 17. Rg2 Rad8 18. Rdg1 Qf4+ 19. Kb1 Nf6 20. Ne2 Nxe4 21.
Nxf4 Nxf2 22. Rxf2 Rfe8 23. Re1 c5 24. Rxe8+ Rxe8 25. Re2 Kf8 26. Rxe8+ Kxe8
27. d5 Ke7 28. h4 Be5 29. Nxe5 dxe5 30. Ne2 Bxd5 31. Ng3 f5 32. Kc2 e4 33. Bf1
Kf6 34. Kd2 Bxa2 35. Ke3 Ke5 36. Ne2 g5 37. hxg5 hxg5 38. Bg2 f4+ 39. Kf2 f3
40. Bxf3 exf3 41. Kxf3 Be6 42. Ke3 a5 43. b3 Bxb3 44. Ng1 Bd5 0-1

[Event "Cto. FACV Ind. Preferente Xavia 2014"]
[Site "Xavia ESP"]
[Date "2014.11.22"]
[Round "7.2"]
[White "Cervera Tur, Enrique"]
[Black "Pastor Marti, Jaume"]
[Result "1-0"]
[WhiteElo "1708"]
[BlackElo "1713"]
[PlyCount "87"]
[EventDate "2014.09.27"]
[EventType "swiss"]
[EventRounds "7"]
[EventCountry "ESP"]

1. e4 c6 2. d3 d5 3. Nd2 e5 4. Ngf3 Bg4 5. Be2 Nd7 6. exd5 cxd5 7. Nxe5 Nxe5 8.
Bxg4 Nxg4 9. Qxg4 Nf6 10. Qa4+ Qd7 11. Qxd7+ Kxd7 12. O-O Bd6 13. Nf3 h6 14.
Bd2 a6 15. Bc3 Nh5 16. Rfe1 Rhe8 17. Be5 f6 18. Bxd6 Kxd6 19. Nd4 g6 20. Kf1
Rac8 21. c3 Nf4 22. Rxe8 Rxe8 23. Rd1 b5 24. g3 Nh5 25. Re1 Rxe1+ 26. Kxe1 f5
27. f4 Nf6 28. Ke2 Nd7 29. Nf3 a5 30. d4 Ke6 31. Ne5 Nb6 32. Kd3 Kf6 33. Nc6 g5
34. Nxa5 gxf4 35. gxf4 Kg6 36. b3 Kh5 37. c4 bxc4+ 38. bxc4 dxc4+ 39. Nxc4 Nd5
40. a4 Nxf4+ 41. Ke3 Nd5+ 42. Kf3 Kh4 43. a5 Kh3 44. a6 1-0

[Event "Cto. FACV Ind. Preferente Xavia 2014"]
[Site "Xavia ESP"]
[Date "2014.11.22"]
[Round "7.3"]
[White "Duller Llopis, Jouke"]
[Black "Daza Lopez, Andres Felipe"]
[Result "0-1"]
[WhiteElo "1559"]
[BlackElo "1700"]
[PlyCount "80"]
[EventDate "2014.09.27"]
[EventType "swiss"]
[EventRounds "7"]
[EventCountry "ESP"]

1. d4 Nf6 2. Nf3 g6 3. Bg5 Bg7 4. e3 c6 5. Be2 h6 6. Bh4 d5 7. Nbd2 O-O 8. O-O
Nbd7 9. Re1 g5 10. Bg3 Ne4 11. Nf1 f5 12. h3 Ndf6 13. Be5 Bd7 14. N3h2 Be8 15.
c4 e6 16. Qb3 Rf7 17. Qb4 Bf8 18. c5 Nd7 19. Bh5 Nxe5 20. Bxf7+ Nxf7 21. Qxb7
a5 22. Qb3 Rb8 23. Qc2 Bg7 24. Nd2 Nf6 25. Nb3 Bd7 26. Qc3 Rb5 27. a4 Ne4 28.
Qc2 Rb4 29. Nc1 Bc8 30. Nd3 Rb8 31. Ra3 Ba6 32. Rb3 Bc4 33. Ra3 Qc7 34. b3 Bxd3
35. Qxd3 Qb7 36. Rb1 Qb4 37. Raa1 Nxc5 38. Qc2 Nd8 39. Ra2 Ne4 40. Nf3 Nc3 0-1

[Event "Cto. FACV Ind. Preferente Xavia 2014"]
[Site "Xavia ESP"]
[Date "2014.11.22"]
[Round "7.4"]
[White "Martin Diez, Santiago"]
[Black "Terrades Dalmau, Antonio"]
[Result "0-1"]
[WhiteElo "1771"]
[BlackElo "1846"]
[PlyCount "138"]
[EventDate "2014.09.27"]
[EventType "swiss"]
[EventRounds "7"]
[EventCountry "ESP"]

1. e4 c5 2. c3 d5 3. e5 Nc6 4. d4 c4 5. Nf3 Bg4 6. Be2 e6 7. O-O Nge7 8. Bg5 h6
9. Bc1 Qc7 10. b3 cxb3 11. axb3 Nc8 12. b4 Nb6 13. Na3 Be7 14. Bf4 O-O 15. Nb5
Qd7 16. Na3 Rfc8 17. Nd2 Bf5 18. h3 a6 19. Re1 Na7 20. Ndb1 Na4 21. Qb3 b5 22.
Ra2 Rc7 23. Bd2 Rac8 24. Nc2 Rc6 25. Ne3 Bxb1 26. Qxb1 R8c7 27. Nd1 Nc8 28. Qb3
Ncb6 29. Rc2 Nc4 30. Bxc4 Rxc4 31. Ne3 R4c6 32. Rec1 Qc8 33. Nd1 f6 34. exf6
Bxf6 35. Nb2 Nxb2 36. Qxb2 Bxd4 37. Qa3 Qf8 38. Be1 Ba7 39. Re2 Qf6 40. Rcc2 e5
41. Qb3 Rc4 42. Bd2 Kh8 43. Be1 Qf4 44. Qa2 Qf6 45. Qb1 Rf7 46. Qd1 Rd7 47.
Red2 Qf7 48. Re2 e4 49. Bd2 Qf6 50. Be3 Bxe3 51. Rxe3 Qf5 52. Qe2 d4 53. cxd4
Rdxd4 54. Rb2 Qd5 55. Qg4 Qd6 56. Rg3 Qe7 57. Qf4 Rxb4 58. Re2 Rbc4 59. Ree3
Rd1+ 60. Kh2 Rcc1 61. Qb8+ Kh7 62. Rg4 Rh1+ 63. Kg3 Qc7+ 64. Qxc7 Rxc7 65.
Rgxe4 Rhc1 66. Ra3 R1c3+ 67. Re3 Rxa3 68. Rxa3 Rc6 69. f3 b4 0-1

[Event "Cto. FACV Ind. Preferente Xavia 2014"]
[Site "Xavia ESP"]
[Date "2014.11.22"]
[Round "7.8"]
[White "Perez De Tudela Perales, Fernando"]
[Black "Aguado Crespo, Pablo"]
[Result "0-1"]
[WhiteElo "1514"]
[BlackElo "1507"]
[PlyCount "58"]
[EventDate "2014.09.27"]
[EventType "swiss"]
[EventRounds "7"]
[EventCountry "ESP"]

1. e4 e5 2. Nf3 Nc6 3. d4 exd4 4. Nxd4 d6 5. Nxc6 bxc6 6. Bd3 Nf6 7. O-O Be7 8.
Nd2 O-O 9. b3 Ng4 10. h3 Ne5 11. Be2 f5 12. exf5 Bxf5 13. Bb2 Bf6 14. Rb1 Qd7
15. Kh2 g6 16. Nf3 Nxf3+ 17. Bxf3 d5 18. Bxf6 Rxf6 19. Rc1 Raf8 20. Be2 Qd6+
21. Kg1 Qc5 22. Bf3 d4 23. Kh2 g5 24. Bg4 Bxg4 25. Qxg4 Qe5+ 26. Kg1 Rxf2 27.
Rxf2 Rxf2 28. Qc8+ Rf8 29. Qg4 Qe3+ 0-1

[Event "Cto. FACV Ind. Preferente Xeraco 2014"]
[Site "Xeraco ESP"]
[Date "2014.09.27"]
[Round "1.2"]
[White "Torres Miras, Manuel"]
[Black "Bas Mas, Miguel"]
[Result "0-1"]
[WhiteElo "1870"]
[BlackElo "2099"]
[PlyCount "116"]
[EventDate "2014.09.27"]
[EventType "swiss"]
[EventRounds "7"]
[EventCountry "ESP"]
[Source "lmi"]
[SourceDate "2014.09.27"]

1. d4 Nf6 2. c4 g6 3. Nc3 d5 4. Bf4 Bg7 5. Nf3 O-O 6. e3 c5 7. Be2 Qb6 8. Qb3
dxc4 9. Bxc4 Nc6 10. Qxb6 axb6 11. d5 Na5 12. Bb5 Bf5 13. Nd2 Bd7 14. Be2 e6
15. e4 exd5 16. exd5 Rfe8 17. O-O Bf5 18. Bb5 Red8 19. Bc7 Rxd5 20. Nxd5 Nxd5
21. Bg3 Bxb2 22. Rae1 Nc3 23. Be5 Nxb5 24. Bxb2 Bd3 25. Ne4 Nd4 26. Nf6+ Kg7
27. Ne8+ Kf8 28. Nf6 Bxf1 29. Kxf1 Nc4 30. Bc1 Kg7 31. Ne8+ Kh8 32. Nf6 Rxa2
33. Bh6 Ne6 34. Rd1 b5 35. g3 Nd4 36. Rc1 Ne6 37. Rd1 Ne5 38. h4 c4 39. Rd5 Nd3
40. f4 Ndc5 41. g4 Ra1+ 42. Kg2 Ra2+ 43. Kg1 c3 44. f5 Ra1+ 45. Kg2 c2 46. fxe6
Nxe6 47. Rd7 c1=Q 48. Bxc1 Rxc1 49. Rxf7 Rc7 50. Rxc7 Nxc7 51. Kf3 Kg7 52. Ne4
Nd5 53. Nd6 b4 54. g5 b3 55. Nc4 b5 56. Nb2 Nb6 57. Ke4 Nc4 58. Nd1 b2 0-1

[Event "Cto. FACV Ind. Preferente Xeraco 2014"]
[Site "Xeraco ESP"]
[Date "2014.09.27"]
[Round "1.3"]
[White "Deruelle Sala, Albert"]
[Black "Sendra Tormo, Juan"]
[Result "1/2-1/2"]
[WhiteElo "2063"]
[BlackElo "1836"]
[PlyCount "107"]
[EventDate "2014.09.27"]
[EventType "swiss"]
[EventRounds "7"]
[EventCountry "ESP"]
[Source "lmi"]
[SourceDate "2014.09.27"]

1. e4 e6 2. d4 d5 3. Nd2 a6 4. Ngf3 Nf6 5. e5 Nfd7 6. Bd3 c5 7. c3 Nc6 8. O-O
g5 9. h3 h5 10. g4 hxg4 11. hxg4 Be7 12. Kg2 Qb6 13. dxc5 Nxc5 14. Bc2 Qc7 15.
Qe2 a5 16. Nb3 b6 17. Nbd4 Nxd4 18. Nxd4 Ba6 19. Nb5 Qc6 20. a4 d4+ 21. f3 dxc3
22. bxc3 Bxb5 23. axb5 Qc7 24. Rd1 Kf8 25. Ba3 Kg7 26. Rh1 Rad8 27. Rxh8 Rxh8
28. Rh1 Rxh1 29. Kxh1 Qd8 30. Qe3 Qd5 31. Bxc5 Bxc5 32. Qxg5+ Kf8 33. Qf4 Qa2
34. Qd2 Qc4 35. Bd3 Qd5 36. Qe2 a4 37. Bc4 Qd8 38. f4 Qh4+ 39. Kg2 a3 40. Ba2
Kg7 41. Bc4 Kg8 42. Qf3 Qe1 43. g5 Kg7 44. g6 Qg1+ 45. Kh3 Qxg6 46. Qg4 Be3 47.
Qxg6+ Kxg6 48. Kg4 Bd2 49. Bb3 Bxc3 50. Ba2 Kg7 51. Kf3 Kf8 52. Ke4 Ke7 53. Bb3
f6 54. Ba2 1/2-1/2

[Event "Cto. FACV Ind. Preferente Xeraco 2014"]
[Site "Xeraco ESP"]
[Date "2014.09.27"]
[Round "1.4"]
[White "Soler Nadal, Jose Antonio"]
[Black "Barbero Verdu, Francisco"]
[Result "0-1"]
[WhiteElo "1824"]
[BlackElo "2051"]
[PlyCount "62"]
[EventDate "2014.09.27"]
[EventType "swiss"]
[EventRounds "7"]
[EventCountry "ESP"]
[Source "lmi"]
[SourceDate "2014.09.27"]

1. Nf3 c5 2. e3 Nf6 3. d4 b6 4. c4 cxd4 5. exd4 d5 6. Nc3 e6 7. cxd5 Nxd5 8.
Bb5+ Bd7 9. Bxd7+ Nxd7 10. Nxd5 exd5 11. O-O Be7 12. Bf4 O-O 13. Qd3 Nf6 14.
Rac1 Bd6 15. Bg5 h6 16. Bh4 Re8 17. Rc2 Re4 18. Bg3 Nh5 19. Bxd6 Qxd6 20. Rfc1
Rae8 21. g3 Qg6 22. Qb5 Qg4 23. Ne5 R4xe5 24. dxe5 Rxe5 25. Rc8+ Kh7 26. Re8
Rg5 27. Qd3+ f5 28. Rcc8 Nf4 29. Rh8+ Kg6 30. Qd2 Qf3 31. Rc6+ Kh5 0-1

[Event "Cto. FACV Ind. Preferente Xeraco 2014"]
[Site "Xeraco ESP"]
[Date "2014.09.27"]
[Round "1.5"]
[White "Ferrer Berenguer, Ligorio"]
[Black "Tormo Bas, Gonzalo"]
[Result "1-0"]
[WhiteElo "2032"]
[BlackElo "1792"]
[PlyCount "109"]
[EventDate "2014.09.27"]
[EventType "swiss"]
[EventRounds "7"]
[EventCountry "ESP"]
[Source "lmi"]
[SourceDate "2014.09.27"]

1. d4 Nf6 2. Nf3 c5 3. c3 cxd4 4. cxd4 g6 5. g3 Bg7 6. Bg2 O-O 7. O-O d6 8. Nc3
Nc6 9. Bg5 h6 10. Be3 Bf5 11. Nh4 Qd7 12. Nxf5 Qxf5 13. h3 Nb4 14. g4 Qc2 15.
a3 Qxd1 16. Raxd1 Nc6 17. f4 h5 18. g5 Nd7 19. f5 Nb6 20. f6 exf6 21. gxf6 Rfe8
22. Bc1 Bf8 23. e4 Rac8 24. Rfe1 d5 25. e5 Nxd4 26. Nxd5 Nxd5 27. Bxd5 Bc5 28.
Kg2 Nc2 29. Re2 Bd4 30. e6 Kh7 31. Bb3 Na1 32. Ba4 Rxe6 33. Rxe6 fxe6 34. Rxd4
Rxc1 35. Rd7+ Kg8 36. Rxb7 Nc2 37. Be8 Ne3+ 38. Kf2 Nd5 39. Bf7+ Kf8 40. Bxe6
Nxf6 41. Rf7+ Ke8 42. Rxf6 Rc2+ 43. Kg3 Rxb2 44. Rxg6 Re2 45. Kf3 Re5 46. Bb3
Rc5 47. Re6+ Kd7 48. Re3 Rg5 49. Kf4 Rg1 50. Bf7 h4 51. Be6+ Kd6 52. Bg4 Kc5
53. Kg5 Kd4 54. Rf3 Rg3 55. Kxh4 1-0